Biblioteca

Sinceridad y veracidad (Registro nro. 66386)

Detalles MARC
000 -LÍDER
Campo fijo de descripción fija 02062nam a2200313 i 4500
001 - NÚMERO DE CONTROL
Campo de control 768714001
003 - IDENTIFICADOR DEL NÚMERO DE CONTROL
Campo de control CO-MdFUSB
005 - FECHA Y HORA DE LA ULTIMA TRANSACCIÓN
control field 20210419100811.0
007 - CAMPO FIJO DE DESCRIPCIÓN FIJA--INFORMACIÓN GENERAL
Campo fijo de descripción fija ta
008 - ELEMENTOS DE LONGITUD FIJA -- INFORMACIÓN GENERAL
Campo fijo de descripción fija -- Información general 200701t1970 sp |||| |||| 00| 0 spa d
020 ## - NÚMERO INTERNACIONAL NORMALIZADO PARA LIBROS
Número Internacional Normalizado del libro [No incluye ISBN]
040 ## - FUENTE DE CATALOGACIÓN
Agencia de catalogación original CO-MdFUSB
Idioma de catalogación spa
Agencia que realiza la transcripción CO-MdFUSB
Agencia que realiza la modificación CO-MdFUSBC
Convenciones de la descripción rda
041 ## - CÓDIGO DE IDIOMA
Código de idioma para texto/pista de sonido o título separado spa
082 ## - NÚMERO DE CLASIFICACIÓN DECIMAL DEWEY
Número de la edición del Dewey 23
Número de clasificación 262
Clave de autor-Numero de item K96
100 1# - ASIENTO PRINCIPAL--NOMBRE PERSONAL
Nombre personal Küng, Hans,
Fechas asociadas con el nombre 1928-
Término relacionador autor
245 1# - TÍTULO
Título del Material Sinceridad y veracidad
Parte restante del título - Subtitulo : en torno al futuro de la iglesia
Mención de responsabilidad, etc. / Hans Küng
264 #1 - PRODUCCIÓN, PUBLICACIÓN, DISTRIBUCIÓN, MANUFACTURA, Y COPYRIGHT
Lugar de producción, publicación, distribución, manufactura Barcelona, España :
Nombre del productor, publicador, distribuidor Herder,
Fecha de producción, publicación, distribución, manufactura, o copyright [1970]
264 #4 - PRODUCCIÓN, PUBLICACIÓN, DISTRIBUCIÓN, MANUFACTURA, Y COPYRIGHT
Fecha de producción, publicación, distribución, manufactura, o copyright ©1970
300 ## - DESCRIPCIÓN FÍSICA
Dimensiones 209 páginas ;
Extensión 22 cm
336 ## - TIPO DE CONTENIDO
Fuente rdacontent
Término de tipo de contenido texto
Código de tipo de contenido txt
337 ## - TIPO DE MEDIO
Fuente rdamedia
Nombre del tipo de medio sin mediación
Código del tipo de medio n
338 ## - TIPO DE SOPORTE
Fuente rdacarrier
Nombre del tipo de soporte volumen
Código Tipo de soporte nc
505 ## - NOTA DE CONTENIDO
Nota de contenido con formato preestablecido Unas palabras sobre la situación -- La sinceridad, exigencia fundamental formulada a la iglesia -- La pasión por la sinceridad en el siglo xx -- Antecedentes históricos de la falta de sinceridad -- La sinceridad, imperativo del mensaje de Jesús -- Consecuencias con vistas al futuro -- La verdacidad puesta en práctica -- Un reto a la iglesia -- Evolución de las virtudes -- La sinceridad es también un peligro -- La iglesia institucional ¿Obstáculo para un cristianismo sincero? -- Sinceridad en la reforma práctica -- Comienzo de una transformación -- ¿Variaciones de rumbo en la doctrina? -- ¿Manipulación de la verdad? -- Perspectivas -- Apéndice: sobre la regulación de la natalidad
520 ## - NOTA DE RESUMEN, ETC.
Nota de sumario, etc. En sinceridad y veracidad, Hans Küng señaka el punto de vista decisivo para apreciar debidamente la problemática de nuestra iglesia en nuestro tiempo, las crisis que la agitan y las esperanzas que alientan en todos los cristianos de buen voluntad. La sinceridad es una exigencia fundamental en la iglesia después del concilio y al mismo tiempo constituye la piedra de toque para el futuro, pues nuestro tiempo tiene una sensibilidad agudiza por todo cuanto significa sentido de justicia, autenticidad y veracidad.
563 ## - NOTA DE ENCUADERNACIÓN
Nota de encuadernación Rústico
653 ## - TÉRMINO DE INDIZACIÓN - NO CONTROLADO
Término no controlado Eclesiología
942 ## - TIPO DE MATERIAL (KOHA)
Tipo de Item KOHA Libros General
945 ## - INFORMACIÓN LOCAL DEL REGISTRO
Catalogador Dani
Existencias
Estado de Material Estado de Perdido Forma de Clasificación Estado de Dañado No para Préstamo Colección Biblioteca de Origen Biblioteca Permanente Fecha de Adquisición Área Total de Préstamos Signatura Topográfica Código de Barras Última vez visto Ejemplar/Existencia Fecha de Remplazo Tipo de Material
    Dewey Decimal Classification     Colección General Biblioteca FUSBC Biblioteca FUSBC 01/07/2020 ECLESIOLOGÍA   G 262 K96s 9346 01/07/2020 Ej.1 01/07/2020 Libros General

Biblioteca FUSBC | Teléfono: (57+4) 349 88 10 Ext. 141| WhatsApp (+57) 3005338115 
E-mail: biblioteca@unisbc.edu.co | Calle 76 87-14 Robledo Palenque, Medellín, Colombia

Con tecnología Koha